Tablice rejestracyjne miast/powiatów w woj.małopolskim - Statystyki

Ogólne statystyki
  • Ten quiz został rozwiązany 1 461 razy
  • Średni wynik to 21 z 23
Statystyki odpowiedzi
Miasto / powiat Rejestracja % Poprawnych
Kraków KR / KK
100%
Tarnów KT
99%
Nowy Sącz KN
98%
powiat brzeski KBR
95%
powiat chrzanowski KCH
95%
powiat limanowski KLI
95%
powiat oświęcimski KOS
95%
powiat wadowicki KWA
95%
powiat miechowski KMI
94%
powiat myślenicki KMY
94%
powiat nowosądecki KNS
94%
powiat olkuski KOL
94%
powiat tarnowski KTA
94%
powiat wielicki KWI
94%
powiat nowotarski KNT
93%
powiat proszowicki KPR
93%
powiat krakowski KRA
93%
powiat suski KSU
93%
powiat bocheński KBC
92%
powiat gorlicki KGR
91%
powiat dąbrowski KDA
90%
powiat tatrzański KTT
90%
powiat bocheński KBA
51%
Nie znaleziono quizów pasujących do podanych kryteriów
Rozkład punktacji
Procent ludzi z każdym wynikiem
Percentyl według liczby udzielonych odpowiedzi
Twoja historia wyników
Nie rozwiązałeś tego quizu